| 000 | 00598cam a2200145ua 4500 | ||
|---|---|---|---|
| 041 |
_aeng _h |
||
| 082 |
_a691.51 _bIND/ME |
||
| 110 | 1 |
_aIndian Standard Institution . _b _c() |
|
| 245 | _aMethod of field testing of building line | ||
| 260 |
_aNew Delhi : _bIndian Standards Institution , _c1986. |
||
| 300 | _a7 ; . | ||
| 504 | _a | ||
| 942 | _cBK | ||
| 999 |
_c7018 _d7018 |
||